000 00420nam a2200145Ia 4500
008 230917s9999||||xx |||||||||||||| ||und||
040 _e145461
_aMAIN
041 _aEnglish
082 _a309.143 G914P
100 _aGross, Jan Tomasz
245 0 _aPolish society under german occupation: teh general government, 1936-1944
260 _aNew Jersey
_bPrinceton Univesity Press
_c1979
300 _a343p p.
942 _cBK
999 _c221444
_d221444